Corporate Logos Quiz Stats

 Plays Quiz Updated May 16, 2018

Score 0/36 Timer 06:00
343 Plays Today
% Correct
Nike
98.5%
Shell
96.6%
Facebook, Inc.
96.3%
Apple Inc.
95.8%
McDonald's
95.5%
PepsiCo, Inc.
95.5%
Playboy
94.4%
Microsoft Windows
94%
Honda Motor Company
93.7%
Toyota Motor Corp.
89.3%
Taco Bell
86.9%
Volkswagen
86.6%
Audi
85%
Mercedes-Benz
82.8%
Motorola Inc.
81.1%
AT&T
75.3%
DreamWorks SKG
74.8%
American Airlines
69.7%
% Correct
Mazda Motor Corp.
68.8%
Deere & Company
68.4%
Atari Inc.
63.2%
Hilton Hotels Corp.
61.7%
Comcast Corporation
59.9%
Chevrolet
59.1%
General Mills
53.5%
Chevron Corporation
51%
Sprint Nextel
46.6%
United Airlines
45%
Sporcle Inc.
45%
Adobe Systems Inc.
40.7%
Guinness
40.3%
Prudential Financial
40.1%
Marriott International
38.3%
Safeway Inc.
30.2%
Anheuser-Busch
26.4%
The Boeing Company
14.6%

You're not logged in!

Compare scores with friends on all Sporcle quizzes.
OR
Log In

Sporcle TV

Today on Sporcle TV


Watch our educational content, quiz creation guides, and fun videos on Sporcle TV.

Show Comments

Extras

Top Quizzes Today


Score Distribution

Your Account Isn't Verified!

In order to create a playlist on Sporcle, you need to verify the email address you used during registration. Go to your Sporcle Settings to finish the process.

Report this User

Report this user for behavior that violates our Community Guidelines.

Details: